Normal view
MARC view
- Fulay, Pradeep P.,
Entry Personal Name
001 - CONTROL NUMBER
- control field: 30302
003 - CONTROL NUMBER IDENTIFIER
- control field: NUST
005 - DATE AND TIME OF LATEST TRANSACTION
- control field: 20200918120518.0
008 - FIXED-LENGTH DATA ELEMENTS
- fixed length control field: 200918|| aca||aabn | a|a d
040 ## - CATALOGING SOURCE
- Original cataloging agency: NUST
- Transcribing agency: NUST
100 ## - HEADING--PERSONAL NAME
- Personal name: Fulay, Pradeep P.,
- Dates associated with a name: 1960-
670 ## - SOURCE DATA FOUND
- Source citation: Work cat.: (NUST): Askeland, Donald R. 14727, Essentials of materials science and engineering /, c2010.
